000 005960000a22001930004500
020 _a84-301-0800-9
041 0 _aSPA
082 0 4 _aG 270.92 B673m
100 1 _aBoff, Clodovis
245 1 0 _aTeología de lo político : Sus mediaciones / Clodovis Boff ; Alfonso Ortíz, Traductor
260 _aSalamanca, España : Sígueme
300 _a429 Pag
500 _aTitulo original : Teologia é prática. Teologia do político e suas mediaçoes
001 8400
942 _cBK
999 _c38563
_d38563
336 _atexto
_btxt
_2rdacontent
337 _2rdamedia
_asin mediación
_bn
338 _2rdacarrier
_avolumen
_bnc